Dictionary: Papago & Pima to English, O'odham-Mil-gahn; English to Papago & Pima, Mil-gahn-O'odham /

Bibliographic Details
Main Author: Saxton, Dean
Corporate Author: Summer Institute of Linguistics
Other Authors: Saxton, Lucille
Format: Book
Language:English
Central American Indian (Other)
Published: Tucson : University of Arizona Press, [1969]
Subjects:

MARC

Tag First Indicator Second Indicator Subfields
LEADER 00000cam a2200000 4500
001 in00000153813
005 20151008080808.0
008 690609s1969 azuab bd 00010 eng
010 |a  77077801  
020 |a 0816502501  |c 2.50 
035 |a (OCoLC)00008772 
035 |9 AAT3403AM 
040 |a DLC  |c DLC  |d TXA  |d UtOrBLW 
041 0 |a eng  |a cai 
049 |a TXAM  |c [857071] 
050 0 0 |a PM4176  |b .S2 
082 0 |a 497/.4 
100 1 |a Saxton, Dean. 
245 1 0 |a Dictionary: Papago & Pima to English, O'odham-Mil-gahn; English to Papago & Pima, Mil-gahn-O'odham /  |c Compiled by Dean and Lucille Saxton. 
264 1 |a Tucson :  |b University of Arizona Press,  |c [1969] 
300 |a 191 pages :  |b illustrations, maps. ;  |c 22 cm. 
336 |a text  |b txt  |2 rdacontent 
337 |a unmediated  |b n  |2 rdamedia 
338 |a volume  |b nc  |2 rdacarrier 
500 |a "Compiled during field work in villages of the Papago Indian Reservation under the direction of the Summer Institute of Linguistics from 1953 to the present." 
504 |a Bibliography: pages 190-191. 
650 0 |a Tohono O'odham dialect  |x Dictionaries  |x English. 
650 0 |a English language  |v Dictionaries  |x Papago. 
650 0 |a Tohono O'odham dialect  |x Grammar. 
650 0 |a Pima language  |x Dictionaries  |x English. 
650 0 |a English language  |v Dictionaries  |x Pima. 
700 1 |a Saxton, Lucille. 
710 2 |a Summer Institute of Linguistics. 
999 |a MARS 
999 f f |s 96abbc97-f347-3fd2-86ae-8e7412cb589a  |i e772b8a2-f7a6-3a6f-91b3-e44d6314a5b2  |t 0 
952 f f |p ric  |a Texas A&M University  |b Rellis Campus  |c Joint Library Facility  |d Remote Storage  |t 0  |e PM4176 .S2  |h Library of Congress classification  |i unmediated -- volume  |m A14803653647 
998 f f |a PM4176 .S2  |t 0  |l Remote Storage